000
00324nam a22001457a 4500
003
SGT
020
_a
938426637-X
082
_a
615.1
_b
PAU
100
_a
PAUL, SWARNALI DAS
245
_a
INDUSTRIAL PHARMACY -II
260
_a
INDIA
_b
BIRLA PUB.
_c
2024
300
_a
248
650
_a
INDUSTRIAL PHARMACY
942
_2
ddc
_c
BK
999
_c
33026
_d
33026